Missing Word: Johnny Depp (A-Z) Quiz Stats

 Plays Quiz Updated Jan 3, 2017

Support Sporcle.
Go Orange.
Score 0/21 Timer 03:00
0 Plays Today
Movie Word % Correct
_____ in WonderlandAlice
99.8%
Charlie and the _____ FactoryChocolate
99.2%
_____ ScissorhandsEdward
97.8%
Pirates of the Caribbean: Dead _____ ChestMan's
96.6%
Once _____ a Time in MexicoUpon
96.1%
Fear and Loathing in Las _____Vegas
95.2%
A _____ on Elm StreetNightmare
94.3%
Sweeney _____: The Demon Barber of Fleet Street Todd
92.7%
Sleepy _____Hollow
90.8%
_____ ShadowsDark
88.5%
Pirates of the Caribbean: At _____ EndWorld's
85.2%
Movie Word % Correct
Corpse _____Bride
81%
Pirates of the Caribbean: _____ Stranger TidesOn
80.8%
_____ NeverlandFinding
80.6%
What's Eating Gilbert _____Grape
80.4%
_____ EnemiesPublic
75.2%
Benny & _____Joon
53.3%
_____ WindowSecret
43.4%
The _____ of Doctor ParnassusImaginarium
35%
The _____ RangerLone
22.8%
Private _____Resort
8%

Today's Daily Dose

You're not logged in!

Compare scores with friends on all Sporcle quizzes.
OR
Log In
Forgot?

From the Vault

The Big Board: Fantasy Characters

by bhenderson79

A Lannister always plays his Sporcle.
Remove Ads.
Support Sporcle.
Get the best of Sporcle when you Go Orange. This ad-free experience offers more features, more stats, and more fun while also helping to support Sporcle. Thank you for becoming a member.

Show Comments

Extras

Top Quizzes Today


Score Distribution

Your Account Isn't Verified!

In order to create a playlist on Sporcle, you need to verify the email address you used during registration. Go to your Sporcle Settings to finish the process.

Report this User

Report this user for behavior that violates our Community Guidelines.

Details: